000 00493nam a2200181Ia 4500
005 20250326125548.0
008 250326s9999 xx 000 0 und d
037 _aTextbook
040 _aFMSL
_beng
_cFMSL
041 _aeng
_2eng
084 _aX.1 L8
_qFMSL
100 _aLewis W A
245 0 _aEvolution of the international economic order
_cLewis W A
260 _aNew Delhi
_bNew Delhi, Kalyani
_c1978
300 _a81p
942 _cTB
_hX.1 L8
999 _c1278594
_d1278594